000 00481nam a2200193Ia 4500
003 GCL
040 _aGCL /
_cGCL
082 0 4 _a892.76
_bN Z
100 1 _aNAGUIB MAHFOUZ
245 1 0 _aZUCKERG ASSCHEN /
_cNAGUIB MAHFOUZ
260 _a[S.N] :
_bTHE AMERICAN UNIVERSITY IN CAIRO PRESS ،
_c1996
300 _a435 P
650 0 4 _aLITERATURE
650 0 4 _aARABIC LITERATURE
650 0 4 _aFICTION
650 0 4 _aEGYPT - LITERATURE
650 0 4 _aARABIC FICTION
942 _2ddc
_cBK
999 _c14733
_d14733